00441nam a22001577a 450000500170000001000130001702000260003003500130005603700090006908200120007810000160009024500450010626000400015127000700019130000220026120110902122755.0 aG-001376 a9788190461634c395.00 aG-001376 bGift a320.934 aOjha, B.N.  aKautilya's arthashastra /cby B.N. Ojha  aPanchkulabSwastik Prakashan c2008 aS.C.O. 43, Ist Floor, Swastik Vihar MDCbPanchkulae134113 (H.R.) a168p. b22cm(Hb)